| 000 -ლიდერი |
| ფიქსირებული სიგრძის საკონტროლო ველი |
01125nam a2200253Ia 4500 |
| 001 - საკონტროლო ნომერი |
| საკონტროლო ველი |
20470 |
| 003 - საკონტროლო ნომრის იდენტიფიკატორი |
| საკონტროლო ველი |
GE_BSU |
| 005 - ბოლო ოპერაციის თარიღი და დრო |
| საკონტროლო ველი |
20201212213456.0 |
| 008 - ფიქსირებული სიგრძის მონაცემთა ელემენტები - ზოგადი ინფორმაცია |
| ფიქსირებული სიგრძის საკონტროლო ველი |
181216s1962||||ge |||||||||||||| ||geo|| |
| 040 ## - კატალოგიზაციის წყარო |
| Transcribing agency |
GE_BSU |
| 041 ## - ენის კოდი |
| Language code of text/sound track or separate title |
geo |
| 080 ## - უნივერსალური ათობითი კლასიფიკაციის ინდექსი |
| Universal Decimal Classification number |
811.353.1-8(075.3) თ-12 |
| 100 ## - მთავარი ჩანაწერი - პიროვნების სახელი |
| Personal name |
თაბუკაშვილი, შ. |
| 9 (RLIN) |
5999 |
| 245 ## - ცნობა სათაურის შესახებ |
| Title |
ქართული ენა : |
| Remainder of title |
მე-4 კლ. სახელმძღვ. / |
| Statement of responsibility, etc |
შ. თაბუკაშვილი, ვ. რამიშვილი, თ. ჩერქეზიშვილი ; რედ. ე. პოლოლიკაშვილი. |
| 250 ## - გამოცემის ცნობა |
| Edition statement |
მე-19 გამოცემა |
| 264 ## - წარმოების, გამოცემის, დისტრიბუციის და სხვა ცნობები |
| გამოცემის, წარმოების, დისტრიბუციის... ადგილი |
თბილისი : |
| გამოცემის, წარმოების, დისტრიბუციის... სახელწოდება |
ცოდნა, |
| გამოცემის, წარმოების, დისტრიბუციის... თარიღი |
1962. |
| 300 ## - ფიზიკური აღწერა |
| Extent |
291 გვ. : |
| Other physical details |
ილ. ; |
| Dimensions |
22სმ. |
| 653 ## - INDEX TERM--UNCONTROLLED |
| Uncontrolled term |
ქართული ენა |
| 700 ## - ADDED ENTRY--PERSONAL NAME |
| Personal name |
რამიშვილი, ვ. |
| Relator term |
ავტორი |
| 9 (RLIN) |
9927 |
| 700 ## - ADDED ENTRY--PERSONAL NAME |
| Personal name |
ჩერქეზიშვილი, თ. |
| Relator term |
ავტორი |
| 9 (RLIN) |
9925 |
| 700 ## - ADDED ENTRY--PERSONAL NAME |
| Personal name |
პოლოლიკაშვილი, ე. |
| Relator term |
რედაქტორი |
| 9 (RLIN) |
4959 |
| 942 ## - ADDED ENTRY ELEMENTS (KOHA) |
| Koha item type |
წიგნი |
| Source of classification or shelving scheme |
|